| Tag |
First Indicator |
Second Indicator |
Subfields |
| LEADER |
00000cam a22000001a 4500 |
| 001 |
in00002158751 |
| 006 |
m e d # |
| 007 |
cr mn mmmmabba |
| 008 |
870127s1785 mdu s s000 0 eng d |
| 005 |
20260331144746.3 |
| 035 |
|
|
|z w002065
|
| 035 |
|
|
|a MAAR8701271002B
|
| 035 |
|
|
|9 mwa91-3490
|
| 035 |
|
|
|a 340131
|
| 035 |
|
|
|a aas03002065
|
| 040 |
|
|
|a MWA
|c MWA
|e bdrb
|d UtOrBLW
|
| 110 |
1 |
|
|a Maryland.
|b General Assembly.
|b Senate.
|
| 245 |
1 |
0 |
|a Votes and proceedings of the Senate of the state of Maryland :
|b November session, 1784. Being the first session of this Assembly.
|
| 264 |
|
3 |
|a [Annapolis] :
|b [Printed by Frederick Green],
|c [1785]
|
| 300 |
|
|
|a 71 pages, 1 unnumbered page ;
|c (folio)
|
| 336 |
|
|
|a text
|b txt
|2 rdacontent
|
| 337 |
|
|
|a computer
|b c
|2 rdamedia
|
| 338 |
|
|
|a online resource
|b cr
|2 rdacarrier
|
| 500 |
|
|
|a Caption title.
|
| 500 |
|
|
|a Imprint supplied by Evans.
|
| 510 |
4 |
|
|a Evans
|c 19073
|
| 510 |
4 |
|
|a Wheeler, J.T. Maryland,
|c 378
|
| 530 |
|
|
|a Microform version available in the Readex Early American Imprints series.
|
| 533 |
|
|
|a Electronic text and image data.
|b [Chester, Vt. :
|c Readex, a division of Newsbank, Inc.,
|d 2002-2004.
|e Includes files in TIFF, GIF and PDF formats with inclusion of keyword searchable text.
|f (Early American imprints. First series ; no. 19073).
|
| 500 |
|
|
|a Electronic resource.
|
| 752 |
|
|
|a United States
|b Maryland
|d Annapolis.
|
| 830 |
|
0 |
|a Early American imprints.
|n Series I,
|p Evans (1639-1800) ;
|v no. 19073.
|
| 856 |
4 |
1 |
|u http://proxy.library.tamu.edu/login?url=https://opac.newsbank.com/select/evans/19073
|y Evans Digital Edition
|t 0
|
| 999 |
|
|
|a MARS
|
| 999 |
f |
f |
|s 0cb37406-a660-3ed6-9197-305f8f48f2d7
|i 5dfe568e-8f54-3c6e-b027-0b334682742c
|t 0
|
| 952 |
f |
f |
|a Texas A&M University
|b College Station
|c Electronic Resources
|s www_evans
|d Available Online
|t 0
|h No information provided
|
| 998 |
f |
f |
|t 0
|l Available Online
|